01480nam2a22002171 4500001001100000005001700011021001900028035002600047100004100073101000800114102000700122105001800129200023100147210001800378215001600396461061300412702017501025801001801200801002201218852002201240rc\412339520250611101132.0 aRUb[60-76801] a(NLR Aleph) 008153314 a20130415d1960 |||y0rusy50 ca0 arus aRU ay z |||||1 aПериод после второй мировой войныf[Ред. коллегия: проф. Н.А. Смирнов и др.]gМоск. гос. ун-т им. М.В. Ломоносова. [Ин-т вост. яз.] d1960aБ. м. a352 с.d24 01001rc\412339112001#$aНовейшая история стран зарубежного Востока$f[Ред. коллегия: проф. И.М. Рейснер и др.]$gМоск. ордена Ленина гос. ун-т им. М.В. Ломоносова. [Ист. фак. Отд-ние истории стран зарубежного Востока]. Вып. 1-$vВып. 4cМоскваd1954-1960f[Ред. коллегия: проф. И.М. Рейснер и др.]nИзд-во Моск. ун-таtНовейшая история стран зарубежного ВостокаvВып. 4 143407ca8rusaСмирновbН. А.cд-р ист. наук, востоковедениеf1896-1983gНиколай Александрович3RU\NLR\AUTH\770245108 0aRUbNLRgpsbo 1aRUbELAR2rusmarc aNLRjИ90 Г-5/27